Slogans: Last Word Quiz Stats

Quiz Updated Jul 30, 2016

Challenge
Share
Tweet
Embed
Score 0/30 Timer 06:00
2 Plays Today
Start of Slogan Last Word % Correct
I'm Lovin' ___It
96.1%
Once You Pop, the Fun Don't ___Stop
95.6%
Finger Lickin' ___Good
93.3%
Snap, Crackle & ___Pop
91.9%
Live to Ride, Ride to ___Live
90.9%
They're ___!Gr-r-reat!
87.4%
Do the ___Dew
84.1%
Like a Good Neighbor, State Farm is ___There
79.6%
The Quicker Picker-___Upper
79.1%
Tastes So Good, Cats Ask for It by ___Name
76.3%
Better Ingredients. Better ___.Pizza
76.1%
Eat ___Fresh
75.2%
America Runs On ___Dunkin'
74.7%
A Diamond is ___Forever
74.7%
King of ___Beers
74.5%
Start of Slogan Last Word % Correct
Save Money. Live ___.Better
63.3%
Live ___Más
52%
All the News That's Fit to ___Print
48.7%
Outwit. Outplay. ___.Outlast
46.8%
Think ___.Different
32.2%
Challenge ___Everything
29.4%
Mentally Stimulating ___Diversions
29.3%
Stronger than ___Dirt
26.7%
Be Your ___Way
18.2%
Quality Is Our ___Recipe
14.5%
Taste the ___Feeling
11%
Make More ___Happen
9.7%
Designed for Driving ___Pleasure
9.5%
Between Love and Madness Lies ___Obsession
8.5%
Driving ___Matters
6.2%

You're not logged in!

Compare scores with friends on all Sporcle quizzes.
Sign Up with Email
OR
Log In

You Might Also Like...

Show Comments

Extras

Top Quizzes Today


Score Distribution

Your Account Isn't Verified!

In order to create a playlist on Sporcle, you need to verify the email address you used during registration. Go to your Sporcle Settings to finish the process.